| 000 | 00715nam a22002177a 4500 | ||
|---|---|---|---|
| 005 | 20250214161211.0 | ||
| 010 | _aENG-143808 | ||
| 020 |
_a8124606048 _c1600. 00 |
||
| 035 | _aEN-127340 | ||
| 037 | _bDBAD | ||
| 082 | _a704.9489434211 | ||
| 100 |
_aSampa Biswas _977607 |
||
| 245 |
_aFudo Myo-o/ _bAcalanatha Vidyaraja, In Art and Iconography of Japan; |
||
| 260 |
_aNew Delhi _bSampa Biswas _c2012 |
||
| 270 |
_aVedasri ,F-395, Sudarshan park Ramesh Nager metro Station _b New Delhi _e700014 _mindology@dkprinterworld.com |
||
| 300 |
_a228p. _c28 cm.(hb) |
||
| 490 | _vvol 1 | ||
| 500 | _aAcalanatha Vidyaraja | ||
| 700 |
_aSampa Biswas _976691 |
||
| 942 |
_2ddc _cEN _h704.9489434211 _mSam |
||
| 999 |
_c209055 _d209055 |
||